000 00272nam a22001217a 4500
008 170814b xxu||||| |||| 00| 0 eng d
041 _aeng
080 _225TH
_a51
100 _a51
101 _aMAT
245 _aSTANDARD MATHEMATICAL TABLES
_cBEYER,W.H
942 _2udc
_cBK
999 _c23343
_d23343